Toxic - Britney Spears (All Lyrics) - Statistics

General Stats
  • This quiz has been taken 5,888 times
    5,886 since last reset
  • The average score is 225 of 276
Answer Stats
Answer % Correct
I
99%
to
99%
you
99%
you.
99%
A
98%
a
98%
I'm
97%
toxic.
97%
toxic?
97%
your
96%
Do
93%
do.
93%
You're
92%
you're
92%
the
90%
Can
89%
know
89%
of
89%
taste
89%
Taste
89%
that
89%
can't
88%
Can't
88%
lips,
87%
lips
87%
Baby,
86%
it.
86%
Don't
85%
see?
85%
It's
83%
it's
83%
addicted
82%
on
82%
dangerous.
81%
like
81%
me
81%
me.
81%
and
80%
And
80%
no
80%
under.
78%
With
78%
with
78%
guy
77%
paradise.
77%
fallin'.
76%
in
76%
should
76%
down.
75%
slipping
75%
Too
75%
poison
74%
come
73%
warning.
73%
high,
72%
high.
72%
now?
72%
now
72%
now.
72%
calling.
71%
my
71%
ride.
71%
love
70%
feel
67%
wear
67%
what
67%
give
64%
lovin'
64%
lovin
64%
all
60%
need
60%
'round
60%
'round.
60%
head,
59%
around.
57%
escape.
56%
air
55%
There's
55%
spinnin'
54%
hit.
51%
late
51%
up.
51%
wait.
51%
getting
49%
sip
49%
from
48%
cup.
47%
devil's
47%
took
46%
think
45%
over
44%
ready
43%
Intoxicate
42%
taking
38%
Losing
37%
Slowly
31%
fun.
2%
having
2%
No matching quizzes found
Score Distribution
Percent of People with Each Score
Percentile by Number Answered
Your Score History
You have not taken this quiz since the last reset